Komplexná historiografická analýza osobností dejín financií obdobia existencie Rakúsko – Uhorska

Zhodnotenie osobností dejín financií v Rakúsko-Uhorskej monarchii, ich života, tvorby a činiteľov, ktoré ich ovplyvňovali. Prínos jednotlivých osobností týchto období. Nikola Škrlec a jeho prínos do dejín financií a národného hospodárstva. Samuel Tešedík a jeho prínos do formovania dejín financií a...

Descrizione completa

Salvato in:
Dettagli Bibliografici
Autore principale: Baláži, Peter
Natura: Capitolo di libro
Lingua:slovacco
Soggetti:
Tags: Aggiungi Tag
Nessun Tag, puoi essere il primo ad aggiungerne!!

MARC

LEADER 00000nla a2200000 4500
001 0246446
005 20260205071331.7
041 0 |a slo 
044 |a SK 
245 1 0 |a Komplexná historiografická analýza osobností dejín financií obdobia existencie Rakúsko – Uhorska  |c Peter Baláži 
520 |a Zhodnotenie osobností dejín financií v Rakúsko-Uhorskej monarchii, ich života, tvorby a činiteľov, ktoré ich ovplyvňovali. Prínos jednotlivých osobností týchto období. Nikola Škrlec a jeho prínos do dejín financií a národného hospodárstva. Samuel Tešedík a jeho prínos do formovania dejín financií a národného hospodárstva. Albín Bráf a jeho prínos pre formovanie ekonomických národohospodárskych a finančných teórií. Jozef Kaizl a jeho prínos do formovania finančnej a národohospodárskej vedy. Gregor Berzeviczy a jeho prínos do finančnej a hospodárskej vedy. Michal Baluďanský a jeho prínos k formovaniu finančnej a národohospodárskej vedy. 
610 2 0 |a história 
610 2 0 |a teória finančná 
610 2 0 |a osobnosť 
610 2 0 |a financie 
610 2 0 |a bankovníctvo 
610 2 0 |a politika hospodárska 
100 1 |a Baláži, Peter